{"text_format":"3","workbook":"xls","n_sheets":16,"sheets":["1.1 D.1 建设项目最高投标限价汇总表","2.1 D.2 单项工程最高投标限价汇总表","3.1 D.3 单位工程最高投标限价汇总表","3.2 E.1 分部分项工程量清单计价表","3.3 附录F 措施项目清单计价表","3.4 附录G 不可竞争项目清单与计价表","3.5 H.1 其他项目清单与计价汇总表","3.6 附录I 税金计价表","3.7 材料汇总表","4.1 D.3 单位工程最高投标限价汇总表","4.2 E.1 分部分项工程量清单计价表","4.3 附录F 措施项目清单计价表","4.4 附录G 不可竞争项目清单与计价表","4.5 H.1 其他项目清单与计价汇总表","4.6 附录I 税金计价表","4.7 材料汇总表"],"not_rendered":{"external_links":1,"defined_names":16},"read":"whole","date_system":"1900","formulas":"cached_only"}

{"sheet":"1.1 D.1 建设项目最高投标限价汇总表","index":0,"n_rows":7,"n_cols":5,"rows_kept":7,"merged":[[0,0,0,4],[1,0,1,1],[1,3,1,4],[2,0,3,0],[2,1,3,1],[2,2,3,2],[2,3,2,4],[5,0,5,1],[6,0,6,4]],"flags":["formulas_cached_only"]}
["D.1 建设项目最高投标限价汇总表",null,"","",""]
["工程名称：物资大厦给、排水及停车场项目",null,"","",""]
["序号","单项工程名称","金额(元)","其中：（元）",""]
[null,null,"","暂估价","不可竞争费"]
["1","物资大厦给、排水及停车场项目",180495.69,"",7212.76]
["合计",null,180495.69,"",7212.76]
["说明：本表适用于建设项目最高投标限价或投标报价的汇总。暂估价包括分部分项工程中的材料、设备暂估价和专业工程暂估价。",null,"","",""]

{"sheet":"2.1 D.2 单项工程最高投标限价汇总表","index":1,"n_rows":8,"n_cols":5,"rows_kept":8,"merged":[[0,0,0,4],[1,0,1,1],[1,3,1,4],[2,0,3,0],[2,1,3,1],[2,2,3,2],[2,3,2,4],[6,0,6,1],[7,0,7,4]],"flags":["formulas_cached_only"]}
["D.2 单项工程最高投标限价汇总表",null,"","",""]
["工程名称：物资大厦给、排水及停车场项目",null,"","",""]
["序号","单位工程名称","金额(元)","其中：（元）",""]
[null,null,"","暂估价","不可竞争费"]
["1","停车场",96926.96,"",4115.95]
["2","物资大厦给、排水",83568.73,"",3096.81]
["合计",null,180495.69,"",7212.76]
["说明：本表适用于单项工程最高投标限价或投标报价的汇总。暂估价包括分部分项工程中的材料、设备暂估价和专业工程暂估价。",null,"","",""]

{"sheet":"3.1 D.3 单位工程最高投标限价汇总表","index":2,"n_rows":27,"n_cols":4,"rows_kept":27,"merged":[[0,0,0,3],[1,0,1,1],[1,1,1,3],[25,0,25,1],[26,1,26,3]],"flags":["formulas_cached_only"]}
["D.3 单位工程最高投标限价汇总表",null,"",""]
["工程名称：停车场",null,"",""]
["序号","汇总内容","金额(元)","其中：材料、设备暂估价（元）"]
["1","分部分项工程费",73854.23,""]
["1.1","拆除工程",8538.84,""]
["1.2","土石方工程",4193.37,""]
["1.3","道路工程",61122.02,""]
["2","措施项目费",953.64,""]
["2.1","  夜间施工增加费",85.15,""]
["2.2","  二次搬运费",204.35,""]
["2.3","  冬雨季施工增加费",136.23,""]
["2.4","  已完工程及设备保护费",17.03,""]
["2.5","  工程定位复测费",153.26,""]
["2.6","  临时保护设施费",17.03,""]
["2.7","  行车、行人干扰增加费",34.06,""]
["2.8","  赶工措施费",306.53,""]
["3","不可竞争费",4115.95,""]
["3.1","  安全文明施工费",4115.95,""]
["3.2","  环境保护税","",""]
["4","其他项目",10000,""]
["4.1","  暂列金额",10000,""]
["4.2","  专业工程暂估价","",""]
["4.3","  计日工","",""]
["4.4","  总承包服务费","",""]
["5","税金",8003.14,""]
["工程造价=1+2+3+4+5",null,96926.96,""]
[null,null,"",""]

{"sheet":"3.2 E.1 分部分项工程量清单计价表","index":3,"n_rows":30,"n_cols":11,"rows_kept":30,"merged":[[0,0,0,10],[1,0,1,4],[1,4,1,8],[1,8,1,10],[2,0,4,0],[2,1,4,1],[2,2,4,2],[2,3,4,3],[2,4,4,4],[2,5,4,5],[2,6,2,10],[3,6,4,6],[3,7,4,7],[3,8,3,10],[5,2,5,3],[14,2,14,3],[15,2,15,3],[18,2,18,3],[19,2,19,3],[29,2,29,3]],"flags":["formulas_cached_only"]}
["E.1 分部分项工程量清单计价表",null,"","","","","","","","",""]
["工程名称：停车场",null,"","","","","","","","",""]
["序号","项目编码","项目名称","项目特征描述","计量\n单位","工程量","金额（元）","","","",""]
[null,null,"","","","","综合单价","合价","其中","",""]
[null,null,"","","","","","","定额\n人工费","定额\n机械费","暂估价"]
[null,"0410","拆除工程","","","","",8538.84,"","",""]
["1","041001007001","拆除砖石结构","1、拆除现场挡墙","m3",4.13,21.83,90.16,26.02,41.59,""]
["2","041001007002","拆除路牙石","1、拆除原场地周边路牙石","m",49,2.69,131.81,96.04,"",""]
["3","011610001001","门窗拆除","1、出口铁门拆除并外弃","m2",10.12,11.47,116.08,85.01,"",""]
["4","WB050102022001","起挖乔木","1、乔木种类：香樟\n2、起挖方式：土球\n3、现场树木挖除并外弃，外弃由施工单位自行考虑","株",6,1022.98,6137.88,2015.16,1881.84,""]
["5","WB050102022002","起挖乔木","1、乔木种类：桂花\n2、起挖方式：土球\n3、现场树木挖除并外弃，外弃由施工单位自行考虑","株",3,544.08,1632.24,448.14,648.45,""]
["6","050101001001","修剪乔木","1、修剪树木","株",2,113.58,227.16,166.32,"",""]
["7","010102001001","挖一般石方","1、现场拆除建筑","m3",5.97,6.24,37.25,2.93,23.76,""]
["8","040103002002","余方弃置","1、废弃料品种：现场拆除建筑垃圾\n2、运距：7km，投标人自行考虑弃置点","m3",5.97,27.85,166.26,"",118.15,""]
[null,null,"分部小计","","","","",8538.84,"","",""]
[null,"0401","土石方工程","","","","",4193.37,"","",""]
["9","040101001001","挖一般土方","1、土壤类别：三类土","m3",167,3.11,519.37,40.08,330.66,""]
["10","040103002001","余方弃置","1、运距：7km，投标人自行考虑弃置点","m3",167,22,3674,46.76,2565.12,""]
[null,null,"分部小计","","","","",4193.37,"","",""]
[null,"0402","道路工程","","","","",61122.02,"","",""]
["11","040202001001","路床(槽)碾压检验","1、路床碾压\n2、部位：停车场","m2",326.25,2.25,734.06,39.15,473.06,""]
["12","040202011001","碎石","1、石料规格：级配碎石\n2、厚度：10cm","m2",326.25,28.62,9337.28,120.71,796.05,""]
["13","040203007001","水泥混凝土","1、混凝土强度等级：C30混凝土面层\n2、厚度：20cm","m2",326.25,109.86,35841.83,3438.68,"",""]
["14","WB040203009001","模板","1、厚度：20cm","m2",326.25,2.56,835.2,306.68,"",""]
["15","WB040203012001","切缝","1、锯缝机锯缝","m",75,41.54,3115.5,1554,573.75,""]
["16","WB040203013001","路面刻痕","1、刻痕：刻痕","m2",326.25,2.85,929.81,212.06,65.25,""]
["17","WB040203014001","养生","1、养生形式：养生布养护","m2",326.25,2.3,750.38,110.93,"",""]
["18","040205006001","标线","1、材料品种：热熔漆","m2",84.6,38.94,3294.32,370.55,432.31,""]
["19","041106001001","大型机械设备进出场及安拆","1、机械设备名称：履带式挖掘机 1m3以内","台·次",1,6283.64,6283.64,1680,2975.02,""]
[null,null,"分部小计","","","","",61122.02,"","",""]

{"sheet":"3.3 附录F 措施项目清单计价表","index":4,"n_rows":13,"n_cols":6,"rows_kept":13,"merged":[[0,0,0,5],[1,0,1,2],[1,2,1,4],[1,4,1,5],[11,0,11,4],[12,1,12,5]],"flags":["formulas_cached_only"]}
["附录F 措施项目清单与计价表",null,"","","",""]
["工程名称：停车场",null,"","","",""]
["序号","项目编码","项目名称","计算基础","费率（%）","金额（元）"]
["1","SC-01","夜间施工增加费","17029.21",0.5,85.15]
["2","SC-02","二次搬运费","17029.21",1.2,204.35]
["3","SC-03","冬雨季施工增加费","17029.21",0.8,136.23]
["4","SC-04","已完工程及设备保护费","17029.21",0.1,17.03]
["5","SC-05","工程定位复测费","17029.21",0.9,153.26]
["6","SC-06","临时保护设施费","17029.21",0.1,17.03]
["7","SC-07","行车、行人干扰增加费","17029.21",0.2,34.06]
["8","SC-08","赶工措施费","17029.21",1.8,306.53]
["合   计",null,"","","",953.64]
[null,null,"","","",""]

{"sheet":"3.4 附录G 不可竞争项目清单与计价表","index":5,"n_rows":10,"n_cols":6,"rows_kept":10,"merged":[[0,0,0,5],[1,0,1,2],[1,2,1,4],[1,4,1,5],[8,0,8,4],[9,1,9,5]],"flags":["formulas_cached_only"]}
["附录G 不可竞争项目清单与计价表",null,"","","",""]
["工程名称：停车场",null,"","","",""]
["序号","项目编码","项目名称","计算基数","费率（%）","金额（元）"]
["1","SF-01","环境保护费","17029.21",3.57,607.94]
["2","SF-02","文明施工费","17029.21",7.33,1248.24]
["3","SF-03","安全施工费","17029.21",5.28,899.14]
["4","SF-04","临时设施费","17029.21",7.99,1360.63]
["5","SF-05","环境保护税","0","",""]
["合   计",null,"","","",4115.95]
[null,null,"","","",""]

{"sheet":"3.5 H.1 其他项目清单与计价汇总表","index":6,"n_rows":9,"n_cols":3,"rows_kept":9,"merged":[[0,0,0,2],[1,0,1,1],[1,1,1,2],[7,0,7,1],[8,1,8,2]],"flags":["formulas_cached_only"]}
["H.1 其他项目清单与计价汇总表",null,""]
["工程名称：停车场",null,""]
["序号","项目名称","金额(元)"]
["1","暂列金额",10000]
["2","专业工程暂估价",""]
["3","计日工",""]
["4","总承包服务费",""]
["合  计",null,10000]
[null,null,""]

{"sheet":"3.6 附录I 税金计价表","index":7,"n_rows":6,"n_cols":6,"rows_kept":6,"merged":[[0,0,0,5],[1,0,1,2],[1,2,1,3],[1,3,1,5],[4,0,4,4],[5,1,5,5]],"flags":["formulas_cached_only"]}
["附录I 税金计价表",null,"","","",""]
["工程名称：停车场",null,"","","",""]
["序号","项目名称","计算基础","计算基数","费率(％)","金额(元)"]
["1","增值税","分部分项工程费+措施项目费+不可竞争费+其他项目费",88923.82,9,8003.14]
["合  计",null,"","","",8003.14]
[null,null,"","","",""]

{"sheet":"3.7 材料汇总表","index":8,"n_rows":22,"n_cols":7,"rows_kept":22,"merged":[[0,0,0,6],[1,0,1,2],[1,2,1,4],[1,4,1,6],[20,0,20,4],[21,1,21,6]],"flags":["formulas_cached_only"]}
["材料汇总表",null,"","","","",""]
["工程名称：停车场",null,"","","","",""]
["材料编号","材料名称","单位","材料用量","单价","合价","暂估/甲供"]
["0103A03B55CB","镀锌铁丝 16号","kg",5,5.34,26.7,""]
["0229A13B01CB","麻绳","kg",20.4,9.4,191.76,""]
["0233A01B01BW","草袋","m2",6.38,2.2,14.04,""]
["0233A05B01CB","草绳","kg",297,2.14,635.58,""]
["0313A37B01AT","钢锯片","片",0.75,382.05,286.54,""]
["0313A93B01AB","刻槽机锯片","组",0.163,2991.45,487.98,""]
["0315A05B39C01BW","养生布","m2",119.669,4.38,524.15,""]
["0405A33B53BT","碎石 60","t",66.702,120.08,8009.55,""]
["0503A35B01BV","枕木","m3",0.08,1230.77,98.46,""]
["1301A11B01CB","底漆","kg",14.382,11.11,159.78,""]
["1311A05B01CB","热熔标线涂料","kg",412.281,4.71,1941.84,""]
["3301A26B01CB","钢支撑","kg",7.83,3.5,27.41,""]
["3411A01B01CA","电","kW·h",40.716,1.03,41.94,""]
["3411A13B01BV","水","m3",104.4,5.5,574.2,""]
["3501A17B01CB","组合钢模板","kg",80.476,4.82,387.89,""]
["3621A07B01CB","反光材料（玻璃珠）","kg",28.045,2.56,71.79,""]
["F8021A01B63BV","商品混凝土 C30（非泵送）","m3",66.229,461.18,30543.37,""]
["合计",null,"","","",44022.98,""]
[null,null,"","","","",""]

{"sheet":"4.1 D.3 单位工程最高投标限价汇总表","index":9,"n_rows":24,"n_cols":4,"rows_kept":24,"merged":[[0,0,0,3],[1,0,1,1],[1,1,1,3],[22,0,22,1],[23,1,23,3]],"flags":["formulas_cached_only"]}
["D.3 单位工程最高投标限价汇总表",null,"",""]
["工程名称：物资大厦给、排水",null,"",""]
["序号","汇总内容","金额(元)","其中：材料、设备暂估价（元）"]
["1","分部分项工程费",72403.5,""]
["2","措施项目费",1168.25,""]
["2.1","  夜间施工增加费",92.72,""]
["2.2","  二次搬运费",185.44,""]
["2.3","  冬雨季施工增加费",129.81,""]
["2.4","  已完工程及设备保护费",55.63,""]
["2.5","  工程定位复测费",111.26,""]
["2.6","  非夜间施工照明费",111.26,""]
["2.7","  临时保护设施费",18.54,""]
["2.8","  赶工措施费",463.59,""]
["3","不可竞争费",3096.81,""]
["3.1","  安全文明施工费",3096.81,""]
["3.2","  环境保护税","",""]
["4","其他项目","",""]
["4.1","  暂列金额","",""]
["4.2","  专业工程暂估价","",""]
["4.3","  计日工","",""]
["4.4","  总承包服务费","",""]
["5","税金",6900.17,""]
["工程造价=1+2+3+4+5",null,83568.73,""]
[null,null,"",""]

{"sheet":"4.2 E.1 分部分项工程量清单计价表","index":10,"n_rows":29,"n_cols":11,"rows_kept":29,"merged":[[0,0,0,10],[1,0,1,4],[1,4,1,8],[1,8,1,10],[2,0,4,0],[2,1,4,1],[2,2,4,2],[2,3,4,3],[2,4,4,4],[2,5,4,5],[2,6,2,10],[3,6,4,6],[3,7,4,7],[3,8,3,10]],"flags":["formulas_cached_only"]}
["E.1 分部分项工程量清单计价表",null,"","","","","","","","",""]
["工程名称：物资大厦给、排水",null,"","","","","","","","",""]
["序号","项目编码","项目名称","项目特征描述","计量\n单位","工程量","金额（元）","","","",""]
[null,null,"","","","","综合单价","合价","其中","",""]
[null,null,"","","","","","","定额\n人工费","定额\n机械费","暂估价"]
["1","031001006024","塑料管","1.安装部位：室内\n2.介质：污水\n3.材质：PVC-U排水塑料管\n4.规格：De160\n5.连接形式：承插、粘接剂连接","m",350,66.93,23425.5,6636,486.5,""]
["2","031001006025","塑料管","1.安装部位：室内\n2.介质：污水\n3.材质：PVC-U排水塑料管\n4.规格：De110\n5.连接形式：粘接剂连接","m",6,48.43,290.58,80.64,0.06,""]
["3","011615001001","开孔（打洞）","1.开孔（打洞）","个",12,120,1440,"","",""]
["4","041001006001","拆除管道","原有管道拆除","m",566,7.85,4443.1,3169.6,"",""]
["5","391402001001","垃圾清运","垃圾清运","项",1,800,800,"","",""]
["6","WB031002001038","成品管卡安装","1.名称：排水成品管卡安装\n2.规格：De160\n3.材质：塑料","个",160,11.72,1875.2,268.8,"",""]
["7","WB031002001023","成品管卡安装","1.名称：排水成品管卡安装\n2.规格：De100\n3.材质：塑料","个",4,8.12,32.48,5.6,"",""]
["8","030413001001","铁构件制作","1、名称：支吊架\n2、材质：角钢4*4","t",0.236,9920.73,2341.29,793.03,93.6,""]
["9","030413001002","铁构件安装","1、名称：支吊架\n2、材质：角钢4*4","t",0.236,4084.6,963.97,576.55,84.75,""]
["10","031001006021","塑料管","1.安装部位：室内\n2.介质：给水\n3.规格、压力等级：De63，\n4.连接形式：热熔连接\n5.材质：PPR管","m",68,52.61,3577.48,850,2.04,""]
["11","031001006022","塑料管","1.安装部位：室内\n2.介质：给水\n3.规格、压力等级：De32，\n4.连接形式：热熔连接\n5.材质：PPR管","m",86,24.98,2148.28,752.5,1.72,""]
["12","031001006023","塑料管","1.安装部位：室内\n2.介质：给水\n3.规格、压力等级：De20，\n4.连接形式：热熔连接\n5.材质：PPR管","m",94,16.64,1564.16,685.26,1.88,""]
["13","WB030817014015","管道消毒冲洗","1.规格、型号：De63\n2.管内介质：给水","m",68,0.57,38.76,25.16,"",""]
["14","WB030817014016","管道消毒冲洗","1.规格、型号：De32\n2.管内介质：给水","m",86,0.4,34.4,24.94,"",""]
["15","WB030817014017","管道消毒冲洗","1.规格、型号：De20\n2.管内介质：给水","m",94,0.37,34.78,24.44,"",""]
["16","WB031002001035","成品管卡安装","1.名称：成品管卡安装\n2.规格：De63\n3.材质：塑料","个",68,6.17,419.56,76.16,"",""]
["17","WB031002001036","成品管卡安装","1.名称：成品管卡安装\n2.规格：De32\n3.材质：塑料","个",86,3.2,275.2,72.24,"",""]
["18","WB031002001037","成品管卡安装","1.名称：成品管卡安装\n2.规格：De20\n3.材质：塑料","个",94,2.36,221.84,78.96,"",""]
["19","WB030801001001","保温安装","管道保温","m",260,16.95,4407,1775.8,187.2,""]
["20","030404031001","加压泵","1.名称：加压泵","台",2,9659.55,19319.1,1078.28,112.78,""]
["21","030404017036","配电箱","1.名称：水泵控制柜","台",1,1039.72,1039.72,151.34,90.5,""]
["22","030408001027","电力电缆","1.名称：电力电缆\n2.型号规格：YJY-4*5mm2\n3.材质：铜芯\n4.敷设方式、部位：穿管敷设\n5.电压等级:1KV及以下","m",130,19.96,2594.8,213.2,115.7,""]
["23","030408006011","电力电缆头","1.名称：干包式电力电缆头\n2.规格：6mm2以内\n3.材质、类型：铜\n4.安装部位：室内\n5.电压等级:1KV及以下","个",2,58.15,116.3,28.56,"",""]
["24","011615001002","封堵","1.封堵","项",1,1000,1000,"","",""]

{"sheet":"4.3 附录F 措施项目清单计价表","index":11,"n_rows":13,"n_cols":6,"rows_kept":13,"merged":[[0,0,0,5],[1,0,1,2],[1,2,1,4],[1,4,1,5],[11,0,11,4],[12,1,12,5]],"flags":["formulas_cached_only"]}
["附录F 措施项目清单与计价表",null,"","","",""]
["工程名称：物资大厦给、排水",null,"","","",""]
["序号","项目编码","项目名称","计算基础","费率（%）","金额（元）"]
["1","AC-01","夜间施工增加费","18543.79",0.5,92.72]
["2","AC-02","二次搬运费","18543.79",1,185.44]
["3","AC-03","冬雨季施工增加费","18543.79",0.7,129.81]
["4","AC-04","已完工程及设备保护费","18543.79",0.3,55.63]
["5","AC-05","工程定位复测费","18543.79",0.6,111.26]
["6","AC-06","非夜间施工照明费","18543.79",0.6,111.26]
["7","AC-07","临时保护设施费","18543.79",0.1,18.54]
["8","AC-08","赶工措施费","18543.79",2.5,463.59]
["合   计",null,"","","",1168.25]
[null,null,"","","",""]

{"sheet":"4.4 附录G 不可竞争项目清单与计价表","index":12,"n_rows":10,"n_cols":6,"rows_kept":10,"merged":[[0,0,0,5],[1,0,1,2],[1,2,1,4],[1,4,1,5],[8,0,8,4],[9,1,9,5]],"flags":["formulas_cached_only"]}
["附录G 不可竞争项目清单与计价表",null,"","","",""]
["工程名称：物资大厦给、排水",null,"","","",""]
["序号","项目编码","项目名称","计算基数","费率（%）","金额（元）"]
["1","AF-01","环境保护费","18543.79",1.78,330.08]
["2","AF-02","文明施工费","18543.79",6.1,1131.17]
["3","AF-03","安全施工费","18543.79",4.22,782.55]
["4","AF-04","临时设施费","18543.79",4.6,853.01]
["5","AF-05","环境保护税","0","",""]
["合   计",null,"","","",3096.81]
[null,null,"","","",""]

{"sheet":"4.5 H.1 其他项目清单与计价汇总表","index":13,"n_rows":9,"n_cols":3,"rows_kept":9,"merged":[[0,0,0,2],[1,0,1,1],[1,1,1,2],[7,0,7,1],[8,1,8,2]],"flags":["formulas_cached_only"]}
["H.1 其他项目清单与计价汇总表",null,""]
["工程名称：物资大厦给、排水",null,""]
["序号","项目名称","金额(元)"]
["1","暂列金额",""]
["2","专业工程暂估价",""]
["3","计日工",""]
["4","总承包服务费",""]
["合  计",null,""]
[null,null,""]

{"sheet":"4.6 附录I 税金计价表","index":14,"n_rows":6,"n_cols":6,"rows_kept":6,"merged":[[0,0,0,5],[1,0,1,2],[1,2,1,3],[1,3,1,5],[4,0,4,4],[5,1,5,5]],"flags":["formulas_cached_only"]}
["附录I 税金计价表",null,"","","",""]
["工程名称：物资大厦给、排水",null,"","","",""]
["序号","项目名称","计算基础","计算基数","费率(％)","金额(元)"]
["1","增值税","分部分项工程费+措施项目费+不可竞争费+其他项目费",76668.56,9,6900.17]
["合  计",null,"","","",6900.17]
[null,null,"","","",""]

{"sheet":"4.7 材料汇总表","index":15,"n_rows":100,"n_cols":7,"rows_kept":100,"merged":[[0,0,0,6],[1,0,1,2],[1,2,1,4],[1,4,1,6],[98,0,98,4],[99,1,99,6]],"flags":["formulas_cached_only"]}
["材料汇总表",null,"","","","",""]
["工程名称：物资大厦给、排水",null,"","","","",""]
["材料编号","材料名称","单位","材料用量","单价","合价","暂估/甲供"]
["0103A03B65CB","镀锌铁丝 φ4.0","kg",1.716,5.34,9.16,""]
["0113A01B00CB","镀锌扁钢（综合）","kg",1.8,4.88,8.79,""]
["0129A31B12CB","热轧厚钢板 δ8.0～15","kg",0.86,4.12,3.54,""]
["0135A15B00CB","紫铜板（综合）","kg",0.1,58.97,5.9,""]
["0153A05B55CB","封铅 含铅65%锡35%","kg",0.78,22.22,17.33,""]
["0201A29B01CB","橡胶板","kg",0.203,2.91,0.59,""]
["0203A13B51BW","橡胶垫 δ2","m2",0.13,19.26,2.5,""]
["0213A13B53BY","三色塑料带 20mm×40m","m",0.158,0.26,0.04,""]
["0213A23B55AX","自粘性塑料带 20mm×20m","卷",0.2,4.27,0.85,""]
["0227A05B01CB","白布","kg",1.498,6.67,9.99,""]
["0227A23B01CB","棉纱头","kg",0.464,6,2.78,""]
["0301A05B73C01CB","六角螺栓","kg",0.106,5.81,0.62,""]
["0301A05B91C44CD","镀锌六角螺栓带螺母 2平垫1弹垫 M10×100以内","10套",12.154,4.3,52.26,""]
["0301A07B07C51AK","膨胀螺栓 M10","套",70.04,0.25,17.51,""]
["0301A07B07C53AK","膨胀螺栓 M12","套",168.92,0.73,123.31,""]
["0301A07B07C55AK","膨胀螺栓 M8","套",185.4,0.25,46.35,""]
["0301A07B07C71CD","膨胀螺栓 M6","10套",2.08,1.7,3.54,""]
["0313A11B53BF","冲击钻头 φ8","个",0.13,5.38,0.7,""]
["0313A11B55BF","冲击钻头 φ12","个",2.7,6.75,18.23,""]
["0313A11B59BF","冲击钻头 φ16","个",2.952,9.4,27.75,""]
["0313A11B61BF","冲击钻头 φ14","个",1.02,8.55,8.72,""]
["0313A14B89AT","尼龙砂轮片 φ100","片",0.546,2.05,1.12,""]
["0313A21B01CB","低碳钢焊条","kg",12.486,6.84,85.4,""]
["0313A34B99AT","砂轮片 φ400","片",0.356,8.97,3.2,""]
["0313A36B01AG","砂纸","张",4,0.47,1.88,""]
["0313A39B01AJ","钢锯条","条",2.36,0.34,0.8,""]
["0313A51B01CB","焊锡膏","kg",0.014,14.53,0.2,""]
["0313A53B01BY","焊锡丝","m",0.15,0.37,0.06,""]
["0313A53B01CB","焊锡丝","kg",0.068,54.1,3.68,""]
["0313A64B01AG","铁砂布 0～2号","张",16.987,0.85,14.44,""]
["0313A71B57BF","合金钢钻头 φ10","个",0.26,2.8,0.73,""]
["0313A89B01BD","锯条（各种规格）","根",6.215,0.62,3.85,""]
["0313A89B01BD~1","锯条(各种规格)","根",33.96,0.62,21.06,""]
["0315A05B13C01BW","金属滤网","m2",0.126,8.12,1.02,""]
["0315A21B39C01CB","平垫铁","kg",9.3,3.74,34.78,""]
["0315A21B53C01CB","斜垫铁","kg",8.928,3.5,31.25,""]
["0503A21B01BV","木板","m3",0.01,1634.16,16.34,""]
["1305A43B01CB","防锈漆","kg",0.799,21.25,16.97,""]
["1305A97B01CB","沥青绝缘漆","kg",0.13,2.79,0.36,""]
["1307A15B01CB","酚醛调和漆","kg",0.569,7.9,4.5,""]
["1403A03B01CB","煤油","kg",1.34,3.73,5,""]
["1403A05B01CB","汽油","kg",1.05,6.77,7.11,""]
["1405A13B01CB","油漆溶剂油","kg",0.236,2.62,0.62,""]
["1407A09B01CB","机油","kg",1.16,19.66,22.81,""]
["1409A01B01CB","电力复合脂","kg",0.092,20,1.84,""]
["1409A11B01CB","黄油钙基脂","kg",0.246,5.15,1.27,""]
["1431A02B01CB","硬脂酸","kg",0.13,8.41,1.09,""]
["1433A07B01CB","丙酮","kg",12.511,7.51,93.96,""]
["1435A14B01CB","漂白粉","kg",0.094,2.14,0.2,""]
["1439A19B01BV","氧气","m3",6.803,3.63,24.69,""]
["1439A25B01CB","乙炔气","kg",2.272,10.45,23.74,""]
["1441A02B01CB","粘结剂","kg",8.28,2.88,23.85,""]
["1501A25B01CB","石棉板衬垫","kg",0.25,7.59,1.9,""]
["1701A13B59BY","焊接钢管 DN20","m",0.367,4.46,1.64,""]
["1725A45B00CB","塑料管（综合）","kg",0.3,11.42,3.43,""]
["1727A27B65BY","橡胶软管 DN20","m",0.171,7.26,1.24,""]
["1825A33B91BF","固定卡子 φ90","个",2.308,1.99,4.59,""]
["1900A13B51BF","螺纹阀门 DN20","个",0.106,22,2.33,""]
["2717A01B51AX","电气绝缘胶带 18mm×10m×0.13mm","卷",0.4,8.55,3.42,""]
["2719A11B01CB","胶木板","kg",0.882,20,17.65,""]
["2725A11B03CB","青壳纸 δ0.1～1.0","kg",0.2,20.84,4.17,""]
["2801A05B51CB","镀锡裸铜软绞线 TJRX 16mm2","kg",0.24,51.28,12.31,""]
["2909A19B52BF","铜接线端子 DT-16","个",9.56,1.7,16.25,""]
["2925A01B51AK","镀锌电缆吊挂 3.0×50","套",6.643,2.99,19.86,""]
["2925A03B55AK","镀锌电缆卡子 2×35","套",30.446,2.26,68.81,""]
["3407A15B01CB","破布","kg",7.28,6.32,46.01,""]
["3407A19B57BF","塑料手套 ST型","个",2.1,13.5,28.35,""]
["3411A01B01CA","电","kW·h",41.663,1.03,42.91,""]
["3411A13B01BV","水","m3",22.491,5.5,123.7,""]
["3413A01B01BF","标志牌","个",7.813,1.37,10.7,""]
["9803A03B01BF","弹簧压力表","个",0.056,23.08,1.3,""]
["9841A21B53BF","压力表弯管 DN15","个",0.056,10.69,0.6,""]
["CL-D00001","垃圾清运","项",1,800,800,""]
["CL-D00002","开孔（打洞）","个",12,120,1440,""]
["CL-D00002~1","封堵","个",1,1000,1000,""]
["Z0121A01B00CB","角钢（综合）","kg",247.8,3.97,983.58,""]
["Z1725A43B01BY-4~2","给水冷水-PPR管 DN15","m",95.504,3.98,380.11,""]
["Z1725A43B01BY-6~1","塑料给水管 DN25","m",87.376,9.12,796.87,""]
["Z1725A43B01BY-9~1","塑料给水管 DN50","m",69.088,30.34,2096.13,""]
["Z1725A47B01BY-1~3","污水-硬聚氯乙烯排水管(UPVC) DN100","m",5.7,18.91,107.79,""]
["Z1725A47B01BY-2~1","塑料排水管 DN160","m",332.5,29.95,9958.38,""]
["Z1731A31B01BY-13~1","预制钢套钢复合保温管 公称直径(mm以内) 65","m",263.64,5.8,1529.11,""]
["Z1809A31B01BF-4~2","室内塑料给水管热熔管件 DN15","个",142.88,1.61,230.04,""]
["Z1809A31B01BF-6","室内塑料给水管热熔管件 外径(mm以内) 32","个",92.966,3,278.9,""]
["Z1809A31B01BF-9","室内塑料给水管热熔管件 外径(mm以内) 63","个",44.812,6,268.87,""]
["Z1809A39B01BF-1~2","室内塑料排水管粘接管件 DN100","个",6.936,10,69.36,""]
["Z1809A39B01BF-2~1","室内塑料排水管粘接管件 DN160","个",208.25,16,3332,""]
["Z1825A05B01AK-1~2","成品管卡 DN100","套",4.2,5,21,""]
["Z1825A05B01AK-3~1","成品管卡 DN150","套",168,8,1344,""]
["Z1825A05B01AK-4~1","成品管卡 DN20","套",90.3,1.6,144.48,""]
["Z1825A05B01AK-4~2","成品管卡 DN15","套",98.7,0.8,78.96,""]
["Z1825A05B01AK-7~1","成品管卡 DN50","套",71.4,4,285.6,""]
["Z2811A03B01BY-1~1","电力电缆 电缆截面(6mm2)","m",131.3,15.21,1997.07,""]
["Z5509A07B01AN~2","水泵控制柜","台",1,688,688,""]
["ZC0035","加压泵","台",2,8760,17520,""]
["合计",null,"","","",46569.7,""]
[null,null,"","","","",""]